Automobily 1 : učebnice vyučovacieho predmetu automobily pre 3. roč. študiného odboru 37-44-6 prevádzka automobilovej dopravy /

Další autoři: Klůna, Jindřich, 1942-
Jazyk: Slovenština
Vydáno: Praha : Nakladatelství dopravy a spojů, 1983
Vydání: 1. vyd
Fyzický popis: 264 s.
Knihy
Uloženo v:
LEADER 00768nam a22002172a 4500
001 001110029
003 CZ BrMZK
005 20210831065702.0
007 ta
008 100811s1983 xr er|||||||||||slo d
015 |a cnb000003400 
040 |a OLA001  |b cze  |d BOA001 
245 0 0 |a Automobily 1 :  |b učebnice vyučovacieho predmetu automobily pre 3. roč. študiného odboru 37-44-6 prevádzka automobilovej dopravy /  |c Jindřich Klůna ... [et al.] 
250 |a 1. vyd 
260 |a Praha :  |b Nakladatelství dopravy a spojů,  |c 1983 
300 |a 264 s. 
700 1 |a Klůna, Jindřich,  |d 1942-  |7 jk01060716  |4 aut 
910 |a BOA001  |b 2-0863.280 
990 |a BK 
991 |b 201008 
996 6 |b 2619367940  |c 2-0863.280  |l MZK  |r Sklad / do 1 hodiny  |n 0  |w 001137271  |u 000010  |a 1  |e BOA001  |j MZK50  |s P